Structure and role of linked and mixed fatty acids in natural rubber (Record no. 69480)

MARC details
000 -LEADER
fixed length control field 00518nam a2200181Ia 4500
100 ## - MAIN ENTRY--AUTHOR NAME
Personal name Tanaka Y
245 #0 - TITLE STATEMENT
Title Structure and role of linked and mixed fatty acids in natural rubber
260 ## - PUBLICATION, DISTRIBUTION, ETC. (IMPRINT)
Name of publisher Proceedings of the International Rubber Conference, Kobe, 1995, p31-34
500 ## - GENERAL NOTE
General note Source Year: 1996
650 ## - SUBJECT ADDED ENTRY--TOPICAL TERM
Topical Term Fatty acid
650 ## - SUBJECT ADDED ENTRY--TOPICAL TERM
Topical Term Natural rubber
700 ## - ADDED ENTRY--PERSONAL NAME
Personal name Kakubo T
700 ## - ADDED ENTRY--PERSONAL NAME
Personal name Kawahara S
700 ## - ADDED ENTRY--PERSONAL NAME
Personal name Nishiyama N
856 ## - ELECTRONIC LOCATION AND ACCESS
Uniform Resource Identifier IRRDB
942 ## - ADDED ENTRY ELEMENTS (KOHA)
Koha item type Journals
Holdings
Withdrawn status Lost status Damaged status Not for loan Home library Current library Shelving location Date acquired Koha item type
      Journals RRII Library RRII Library Rubber chemistry 17/12/2021 Journals